Reseña histórica del Partido Liberal. Obra editada bajo los auspicios del Partido Liberal
Saved in:
| Hovedforfatter: | |
|---|---|
| Format: | Bog |
| Sprog: | spansk |
| Udgivet: |
Santiago
Imprenta Andina
1963
|
| Udgivelse: | 1a. ed |
| Fag: | |
| Tags: |
Tilføj Tag
Ingen Tags, Vær først til at tagge denne postø!
|
MARC
| LEADER | 00000nam a2200000 a 4500 | ||
|---|---|---|---|
| 001 | UCJ7682 | ||
| 003 | CL-VaPUC | ||
| 008 | 070124e19630217CL |||||||||||||||||spa|d | ||
| 082 | 0 | 4 | |a 983 |b PRA |2 21 |
| 100 | 0 | |a Prado Valdés, José Miguel |e author |9 516139 | |
| 245 | 1 | 0 | |a Reseña histórica del Partido Liberal. Obra editada bajo los auspicios del Partido Liberal |
| 250 | |a 1a. ed | ||
| 300 | |a 30 p | ||
| 942 | |c BK | ||
| 945 | |d 20070124 00:00:00 |a rinostro | ||
| 260 | |a Santiago |b Imprenta Andina |c 1963 | ||
| 500 | |a Los folletos se encuentran ordenados por materia en cajas rotuladas Folletos | ||
| 650 | 0 | |a Partidos políticos |9 254999 | |
| 650 | 7 | |a PARTIDO LIBERAL |2 CL-VaPUC |9 324644 | |
| 650 | 7 | |a FOLLETOS BUDGE |2 CL-VaPUC |9 505133 | |
| 583 | |a last modification |c 20070124 00:00:00 |k Rodrigo Vera | ||
| 999 | |c 323666 |d 323664 | ||
| 952 | |0 0 |1 0 |4 0 |6 983_000000000000000_PRA_1963 |7 0 |8 X |9 403438 |a FDOBUD |b FDOBUD |d 2019-11-22 |i 1067559 |o 983 PRA 1963 |p 1067559 |r 2019-11-22 |w 2019-11-22 |y BK_X |k BUD | ||